The evolution of a manufacturing system at Toyota

The book traces the development of Toyota's manufacturing system, analyzing its principles, processes, and organizational innovations. Fujimoto highlights how Toyota's approach to production evolved into a lean system that integrates technology, management, and culture to achieve efficienc...

Full description

Saved in:
Bibliographic Details
Main Author: Fujimoto, Takahiro
Format: Book
Language:Vietnamese
Published: New York Oxford University Press 1999
Subjects:
Tags: Add Tag
No Tags, Be the first to tag this record!
Institutions: Thư viện Trường Đại học Nam Cần Thơ
LEADER 01123nam a22002057a 4500
001 NCT_4_026263
008 251004b xxu||||| |||| 00| 0 vie d
999 |c 9297  |d 9297 
020 |a 9780195123203  |c $96.69  
082 0 4 |2 23rd ed.  |a 629.234  |b F949 
100 1 |a Fujimoto, Takahiro  
245 1 0 |a The evolution of a manufacturing system at Toyota  |c Takahiro Fujimoto 
260 |a New York  |b Oxford University Press  |c 1999 
300 |a x, 380 p.  |b ill.  |c 24 cm 
504 |a Includes bibliographical references and index 
520 3 |a The book traces the development of Toyota's manufacturing system, analyzing its principles, processes, and organizational innovations. Fujimoto highlights how Toyota's approach to production evolved into a lean system that integrates technology, management, and culture to achieve efficiency and competitiveness 
653 |a Công nghệ kỹ thuật ô tô 
942 |2 ddc  |c BK 
952 |0 0  |1 0  |2 ddc  |4 0  |6 629_234000000000000_F949  |7 0  |9 31431  |a 000001  |b 000001  |d 2025-10-04  |o 629.234 F949  |p MD.24451  |r 2025-10-04  |v 96.69  |w 2025-10-04  |y BK 
980 |a Thư viện Trường Đại học Nam Cần Thơ